Child and adolescent suicidal behavior : (Record no. 19729)
[ view plain ]
| 000 -LEADER | |
|---|---|
| fixed length control field | 03245cam a22004098i 4500 |
| 001 - CONTROL NUMBER | |
| control field | 21924760 |
| 003 - CONTROL NUMBER IDENTIFIER | |
| control field | OSt |
| 005 - DATE AND TIME OF LATEST TRANSACTION | |
| control field | 20221028153438.0 |
| 008 - FIXED-LENGTH DATA ELEMENTS--GENERAL INFORMATION | |
| fixed length control field | 210304s2021 nyu b 001 0 eng |
| 010 ## - LIBRARY OF CONGRESS CONTROL NUMBER | |
| LC control number | 2021005492 |
| 020 ## - INTERNATIONAL STANDARD BOOK NUMBER | |
| International Standard Book Number | 9781462546589 |
| 040 ## - CATALOGING SOURCE | |
| Original cataloging agency | DLC |
| Language of cataloging | eng |
| Transcribing agency | DLC |
| Description conventions | rda |
| Modifying agency | DLC |
| 042 ## - AUTHENTICATION CODE | |
| Authentication code | pcc |
| 050 00 - LIBRARY OF CONGRESS CALL NUMBER | |
| Classification number | HV6545.8 |
| Item number | .M55 2021 |
| 100 1# - MAIN ENTRY--PERSONAL NAME | |
| Personal name | Miller, David Neil, |
| Dates associated with a name | 1963- |
| 245 10 - TITLE STATEMENT | |
| Title | Child and adolescent suicidal behavior : |
| Remainder of title | school-based prevention, assessment, and intervention / |
| Statement of responsibility, etc. | David N. Miller ; foreword by William M. Reynolds. |
| 250 ## - EDITION STATEMENT | |
| Edition statement | 2nd ed. |
| 260 ## - PUBLICATION, DISTRIBUTION, ETC. (IMPRINT) | |
| Place of publication, distribution, etc. | New York, NY : |
| Name of publisher, distributor, etc. | The Guilford Press, |
| Date of publication, distribution, etc. | 2021 |
| 300 ## - PHYSICAL DESCRIPTION | |
| Extent | xxiv, 248 p ; |
| 336 ## - CONTENT TYPE | |
| Content type term | text |
| Content type code | txt |
| Source | rdacontent |
| 337 ## - MEDIA TYPE | |
| Media type term | unmediated |
| Media type code | n |
| Source | rdamedia |
| 338 ## - CARRIER TYPE | |
| Carrier type term | volume |
| Carrier type code | nc |
| Source | rdacarrier |
| 490 0# - SERIES STATEMENT | |
| Series statement | The Guilford practical intervention in the schools series |
| 504 ## - BIBLIOGRAPHY, ETC. NOTE | |
| Bibliography, etc | Includes bibliographical references (pages 217 -241) and index. |
| 505 0# - FORMATTED CONTENTS NOTE | |
| Formatted contents note | Suicidal behavior in children and adolescents: an introduction and overview -- Youth suicidal behavior and the schools -- Teamwork, roles and responsibilities, and self-care in schools -- Public health approaches to youth suicide prevention -- Tier 1 school-based suicide prevention programs for all students -- Identifying tier 2 and tier 3 students and linking assessment to intervention -- Tier 2 and tier 3 interventions for at-risk and high-risk students -- School-based suicide postvention -- Epilogue -- Appendix. Online resources -- References -- Index. |
| 520 ## - SUMMARY, ETC. | |
| Summary, etc. | "This comprehensive resource--now revised and expanded--provides school practitioners with an evidence-based framework for preventing and effectively responding to youth suicidal behavior. David N. Miller guides readers to understand, screen, and assess for suicide risk in students in grades K-12. He presents collaborative strategies for intervening appropriately within a multi-tiered system of support. The book also shows how to develop a coordinated plan for postvention in the aftermath of a suicide, offering specific do's and don'ts for supporting students, parents, and school personnel. User-friendly tools include reproducible handouts; the book's large-size format facilitates photocopying. Purchasers get access to a Web page where they can download and print the reproducible materials. New to This Edition *Chapter on the roles and responsibilities of the school-based suicide prevention team. *Significantly revised coverage of screening and suicide risk assessment. *Situates prevention and intervention within a schoolwide multi-tiered system of support. *Updated throughout with current data, practical recommendations, and resources. "-- |
| Assigning source | Provided by publisher. |
| 650 #0 - SUBJECT ADDED ENTRY--TOPICAL TERM | |
| Topical term or geographic name as entry element | Students |
| General subdivision | Suicidal behavior. |
| 650 #0 - SUBJECT ADDED ENTRY--TOPICAL TERM | |
| Topical term or geographic name as entry element | Teenagers |
| General subdivision | Suicidal behavior. |
| 650 #0 - SUBJECT ADDED ENTRY--TOPICAL TERM | |
| Topical term or geographic name as entry element | Suicide |
| General subdivision | Prevention. |
| 650 #0 - SUBJECT ADDED ENTRY--TOPICAL TERM | |
| Topical term or geographic name as entry element | Educational counseling. |
| 650 #0 - SUBJECT ADDED ENTRY--TOPICAL TERM | |
| Topical term or geographic name as entry element | School psychology. |
| 650 #7 - SUBJECT ADDED ENTRY--TOPICAL TERM | |
| Topical term or geographic name as entry element | PSYCHOLOGY / Suicide |
| Source of heading or term | bisacsh |
| 650 #7 - SUBJECT ADDED ENTRY--TOPICAL TERM | |
| Topical term or geographic name as entry element | PSYCHOLOGY / Psychotherapy / Child & Adolescent |
| Source of heading or term | bisacsh |
| 906 ## - LOCAL DATA ELEMENT F, LDF (RLIN) | |
| a | 7 |
| b | cbc |
| c | orignew |
| d | 1 |
| e | ecip |
| f | 20 |
| g | y-gencatlg |
| 942 ## - ADDED ENTRY ELEMENTS (KOHA) | |
| Source of classification or shelving scheme | Library of Congress Classification |
| Koha item type | General Collection |
| Withdrawn status | Lost status | Source of classification or shelving scheme | Not for loan | Home library | Current library | Date acquired | Cost, normal purchase price | Total Checkouts | Full call number | Barcode | Date last seen | Price effective from | Koha item type |
|---|---|---|---|---|---|---|---|---|---|---|---|---|---|
| Library of Congress Classification | Kabarak, Main Campus | Kabarak, Main Campus | 28/10/2022 | 3727.00 | HV6545.8 .M55 2021 c.1 | 032204 | 28/10/2022 | 28/10/2022 | General Collection |